000 00639nam a2200205Ia 4500
003 OSt
005 20240523162129.0
008 210210b1995 xxu||||| |||| 00| 0 eng d
040 _cAL
041 _aKannada
082 _aK894.9 SHAA
100 _aSHANKARA MOKASHI PUNEKARA.
_dಶಂಕರ ಮೊಕಾಶಿ ಪುಣೇಕರ
_9167226
245 _aApoorna vartamanakala.
_bಅಪೂರ್ಣ ವರ್ತಮಾನಕಾಲ
260 _aBengaluru
_bKannada Pustaka Pradhikara
_c1995
300 _a170,8
650 _aJanapriya pustaka male
_9167227
690 _aKannada Criticism
_9167228
906 _aSG03994
942 _2ddc
_cBK
999 _c115019
_d115019